Changing the Culture of Scottish Planning (Record no. 121759)
[ view plain ]
| 000 -LEADER | |
|---|---|
| fixed length control field | 01126cam a2200265 4500 |
| 008 - FIXED-LENGTH DATA ELEMENTS--GENERAL INFORMATION | |
| fixed length control field | 040913t2013 000 0 eng u |
| 041 ## - LANGUAGE CODE | |
| Language code of text/sound track or separate title | eng |
| 110 2# - MAIN ENTRY--CORPORATE NAME | |
| Corporate name or jurisdiction name as entry element | Royal Institution of Chartered Surveyors |
| 9 (RLIN) | 4900 |
| 245 00 - TITLE STATEMENT | |
| Title | Changing the Culture of Scottish Planning |
| Medium | [electronic resource] |
| 260 ## - PUBLICATION, DISTRIBUTION, ETC. | |
| Place of publication, distribution, etc. | London |
| Name of publisher, distributor, etc. | RICS |
| Date of publication, distribution, etc. | March 2013 |
| 300 ## - PHYSICAL DESCRIPTION | |
| Extent | 64p. |
| 490 #0 - SERIES STATEMENT | |
| Series statement | RICS Research |
| 520 ## - SUMMARY, ETC. | |
| Summary, etc. | This project has explored the culture change agenda that has accompanied the modernisation of the planning system in Scotland since 2006. The executive summary sets out the purpose and scope of the report, summarises the approach taken to the study of culture change, and the main findings and recommendations. |
| 650 24 - SUBJECT ADDED ENTRY--TOPICAL TERM | |
| Topical term or geographic name entry element | PLANNING |
| 651 #4 - SUBJECT ADDED ENTRY--GEOGRAPHIC NAME | |
| Geographic name | SCOTLAND |
| 662 ## - SUBJECT ADDED ENTRY--HIERARCHICAL PLACE NAME | |
| Country or larger entity | Scotland |
| 690 ## - LOCAL SUBJECT ADDED ENTRY--TOPICAL TERM (OCLC, RLIN) | |
| Topical term or geographic name as entry element | RICS |
| 9 (RLIN) | 6277 |
| 700 1# - ADDED ENTRY--PERSONAL NAME | |
| Personal name | Inch, Andy |
| 700 1# - ADDED ENTRY--PERSONAL NAME | |
| Personal name | Eriksson, Clare |
| 700 1# - ADDED ENTRY--PERSONAL NAME | |
| Personal name | Rowlands, James |
| 700 1# - ADDED ENTRY--PERSONAL NAME | |
| Personal name | Johal, Amanprit |
| 700 1# - ADDED ENTRY--PERSONAL NAME | |
| Personal name | Fielder, Auriel |
| 856 48 - ELECTRONIC LOCATION AND ACCESS | |
| Uniform Resource Identifier | <a href="http://www.propertyresearchtrust.org/uploads/1/3/4/8/134819607/scottish_planning_culture.pdf">http://www.propertyresearchtrust.org/uploads/1/3/4/8/134819607/scottish_planning_culture.pdf</a> |
| Public note | Available from the Property Research Trust |
| 942 ## - ADDED ENTRY ELEMENTS (KOHA) | |
| Suppress in OPAC | 0 |
| Source of classification or shelving scheme | Dewey Decimal Classification |
| Withdrawn status | Lost status | Source of classification or shelving scheme | Damaged status | Not for loan | Home library | Current library | Shelving location | Date acquired | Total Checkouts | Date last seen | Price effective from | Koha item type |
|---|---|---|---|---|---|---|---|---|---|---|---|---|
| Dewey Decimal Classification | Virtual | Virtual | Online | 04/01/2024 | 04/01/2024 | 04/01/2024 | Online material |